Técnicas y fundamentos del contraexámen en el proceso penal chileno

Gardado en:
Detalles Bibliográficos
Autor Principal: Víal Campos, Pelayo (Author)
Formato: Libro
Idioma:Lingua castelá
Publicado: Santiago Librotecnia 2007
Subjects:
Tags: Engadir etiqueta
Sen Etiquetas, Sexa o primeiro en etiquetar este rexistro!

MARC

LEADER 00000nam a2200000 a 4500
001 UCI1812
003 CL-VaPUC
008 070720e20070000CL |||||||||||||||||spa|d
020 |a 9789567950409 
082 0 4 |a 345.83075  |b VIA  |2 21 
100 0 |a Víal Campos, Pelayo  |e author  |9 522543 
245 1 0 |a Técnicas y fundamentos del contraexámen en el proceso penal chileno 
300 |a 348 p 
942 |c BK 
945 |d 20070720 00:00:00  |a rbrito 
260 |a Santiago  |b Librotecnia  |c 2007 
650 0 |a Derecho procesal penal  |9 255496 
650 7 |a PRUEBA PERICIAL  |2 CL-VaPUC  |9 258499 
650 7 |a CONTRAEXAMEN  |2 CL-VaPUC  |9 522544 
650 0 |a Prueba testimonial  |9 370024 
650 7 |a DERECHO PENAL  |2 CL-VaPUC  |9 11 
650 0 |a Apreciación de la prueba  |9 254854 
650 7 |a TESTIGOS  |2 CL-VaPUC  |9 522545 
650 0 |a Prueba testimonial  |9 370024 
583 |a last modification  |c 20070720 00:00:00  |k Rodrigo Vera 
999 |c 326546  |d 326544 
952 |0 0  |1 0  |4 0  |6 345_830750000000000_VIA_2007  |7 0  |8 A  |9 408475  |a BIBDER  |b BIBDER  |d 2019-11-22  |i 4355547  |o 345.83075 VIA 2007  |p 4355547  |r 2023-01-25  |w 2019-11-22  |y BK  |k DER